000 00455nam a2200157 a 4500
001 000030319
005 20200930060228.0
008 110510s1995 dr 000 p spa d
040 _aDO-SdBNP
_bspa
_cBNPHU
082 _axxx
_bM425s
100 1 _aMateo Pérez, Julio César
_956985
245 1 0 _aSueños en versos /
_cJulio César Mateo Pérez.
260 _aSanto Domingo :
_bEditora Experimental,
_c[1995?].
300 _a34 p. ;
_c14 cm.
049 _aBNPD
999 _c29811
_d29811